Ulice w Gdańsku zaczynające się na E - Statystyki

Ogólne statystyki
  • Ten quiz został rozwiązany 12 razy
  • Średni wynik to 4 z 8
Statystyki odpowiedzi
Odpowiedź % Poprawnych
Elbląska
83%
Elektryków
83%
Elżbietańska
50%
Egiertowska
33%
Elewów
33%
Elfów
33%
Eurydyki
33%
Edisona
17%
Nie znaleziono quizów pasujących do podanych kryteriów
Rozkład punktacji
Procent ludzi z każdym wynikiem
Percentyl według liczby udzielonych odpowiedzi
Twoja historia wyników
Nie rozwiązałeś tego quizu